[Event "Swindon U1600"]
[Site "Swindon"]
[Date "2025.08.24"]
[Round "4.1"]
[White "Harshavardhan, Engam"]
[Black "Tang, Carolus"]
[Result "0-1"]
[WhiteElo "1532"]
[BlackElo "1567"]
[PlyCount "122"]
[EventDate "2025.08.22"]
[EventType "swiss"]
[EventRounds "6"]
[EventCountry "ENG"]
[SourceTitle "BritBase"]
[Source "John Saunders"]
[SourceDate "2025.12.11"]
[SourceVersion "1"]
[SourceVersionDate "2025.12.11"]
[SourceQuality "1"]

1. d4 e6 2. c4 d5 3. Nf3 Nf6 4. g3 Nbd7 5. Bg2 Be7 6. O-O c6 7. Qc2 O-O 8. Rd1 Re8 9. b3 Nf8 10. Nbd2 Bd7 11. Ne5 Ng6 12. Ndf3 Rc8 13. c5 b6 14. b4 a5 15. a3 Qc7 16. Ng5 Nxe5 17. Bf4 Nf3+ 18. Nxf3 Qa7 19. Ne5 bxc5 20. bxc5 Red8 21. a4 Be8 22. Nd3 Rd7 23. Rdb1 Bd8 24. Rb3 Bc7 25. Ne5 Re7 26. Bg5 Rb8 27. Rf3 Rb4 28. Qd2 Bxe5 29. dxe5 Ne4 30. Qc1 Nxg5 31. Qxg5 Qxc5 32. h4 h6 33. Qd2 Qd4 34. Qxd4 Rxd4 35. Rb3 c5 36. Rb8 Kh7 37. e3 Rxa4 38. Rxa4 Bxa4 39. Ra8 c4 40. Rxa5 Bb3 41. Rc5 Ra7 42. Kf1 Ra1+ 43. Ke2 Rc1 44. Bh3 Rc2+ 45. Ke1 c3 46. Rc7 Rc1+ 47. Ke2 c2 48. Bg4 Rd1 49. Rxf7 c1=Q 50. Bxe6 Re1+ 51. Kf3 Qd1+ 52. Kf4 Rf1 53. Bf5+ Kg8 54. e6 Rxf2+ 55. Ke5 Qa1+ 56. Kd6 Qa6+ 57. Ke7 Qa3+ 58. Ke8 Ba4+ 59. Kd8 Qd6+ 60. Rd7 Bxd7 61. Bh7+ Kf8 0-1

[Event "Swindon U1600"]
[Site "Swindon"]
[Date "2025.08.24"]
[Round "4.2"]
[White "Vijay, Kayal"]
[Black "Sloan, Cecil"]
[Result "1-0"]
[WhiteElo "1570"]
[BlackElo "1597"]
[PlyCount "47"]
[EventDate "2025.08.22"]
[EventType "swiss"]
[EventRounds "6"]
[EventCountry "ENG"]
[SourceTitle "BritBase"]
[Source "John Saunders"]
[SourceDate "2025.12.11"]
[SourceVersion "1"]
[SourceVersionDate "2025.12.11"]
[SourceQuality "1"]

1. d4 Nf6 2. Nf3 e6 3. e3 d5 4. Bd3 c5 5. b3 b6 6. Bb2 Be7 7. Nbd2 Nbd7 8. O-O Bb7 9. Ne5 O-O 10. Qe2 Rc8 11. f4 Ne4 12. Rad1 Qc7 13. Nxd7 Qxd7 14. dxc5 Nxc5 15. Qg4 f6 16. Be2 Qc6 17. Rf3 Rf7 18. Rg3 Ne4 19. Nxe4 dxe4 20. Bc4 f5 21. Qh5 b5 22. Qh6 g5 23. Bxe6 Qxc2 24. Qg7# 1-0

[Event "Swindon U1600"]
[Site "Swindon"]
[Date "2025.08.24"]
[Round "4.4"]
[White "Tarihalkar, Shrisha"]
[Black "Ghanshala, Aarav"]
[Result "0-1"]
[WhiteElo "1525"]
[BlackElo "1394"]
[PlyCount "170"]
[EventDate "2025.08.22"]
[EventType "swiss"]
[EventRounds "6"]
[EventCountry "ENG"]
[SourceTitle "BritBase"]
[Source "John Saunders"]
[SourceDate "2025.12.11"]
[SourceVersion "1"]
[SourceVersionDate "2025.12.11"]
[SourceQuality "1"]

1. e4 e5 2. Bc4 Nc6 3. Nf3 Nf6 4. Nc3 Nxe4 5. Bxf7+ Kxf7 6. Nxe4 d5 7. Nc3 e4 8. Ng1 Qg5 9. g3 Bg4 10. f3 exf3 11. Nxf3 Re8+ 12. Kf1 Qf6 13. Kg2 Nd4 14. Ne5+ Qxe5 15. Qxg4 Nxc2 16. d4 Nxd4 17. Rf1+ Kg8 18. Bf4 Qf5 19. Qxf5 Nxf5 20. Rae1 Rxe1 21. Rxe1 d4 22. Nd1 c5 23. Re8 Kf7 24. Ra8 a5 25. g4 Nh4+ 26. Kg3 Ng6 27. Rxa5 Nxf4 28. Kxf4 Bd6+ 29. Kf3 Rf8 30. Kg2 Ke6 31. h3 Rf7 32. b3 Kd5 33. Nf2 Re7 34. Kf1 Bg3 35. Nd3 b6 36. Ra8 Kc6 37. a4 Bh4 38. Rc8+ Kb7 39. Rf8 Re3 40. Nf4 Rf3+ 41. Ke2 Rf2+ 42. Kd3 Rf3+ 43. Ke2 Rf2+ 44. Kd3 g5 45. Ne6 Rxf8 46. Nxf8 h6 47. Ng6 Bg3 48. Ne7 Bd6 49. Nf5 Bf8 50. Ng3 Ka6 51. Kc4 Ka5 52. Ne4 Be7 53. Ng3 Bf8 54. Ne4 Ka6 55. Ng3 Kb7 56. Ne4 Kc6 57. Kd3 Kd5 58. Ng3 Bd6 59. Nf5 Bf8 60. Ng3 Ke5 61. Ne2 Bg7 62. Kc4 Ke4 63. Nc1 Bf6 64. Kb5 Bd8 65. Kc4 Kf3 66. Nd3 Kg3 67. Ne5 Kxh3 68. Nf7 Kxg4 69. Nxd8 h5 70. Nf7 h4 71. Ne5+ Kf5 72. Nf3 h3 73. Kb5 g4 74. Nh2 g3 75. Nf3 h2 76. Nxh2 gxh2 77. Kxb6 h1=Q 78. Kxc5 d3 79. b4 Qg1+ 80. Kc4 d2 81. a5 Qa7 82. Kb3 d1=Q+ 83. Kc4 Qdd4+ 84. Kb5 Qb7+ 85. Ka4 Qbxb4# 0-1

[Event "Swindon U1600"]
[Site "Swindon"]
[Date "2025.08.24"]
[Round "5.1"]
[White "Tang, Carolus"]
[Black "Vijay, Kayal"]
[Result "1-0"]
[WhiteElo "1567"]
[BlackElo "1570"]
[PlyCount "161"]
[EventDate "2025.08.22"]
[EventType "swiss"]
[EventRounds "6"]
[EventCountry "ENG"]
[SourceTitle "BritBase"]
[Source "John Saunders"]
[SourceDate "2025.12.11"]
[SourceVersion "1"]
[SourceVersionDate "2025.12.11"]
[SourceQuality "1"]

1. d4 d5 2. c4 e6 3. Nc3 Be7 4. Nf3 Nf6 5. e3 O-O 6. cxd5 exd5 7. Bd3 b6 8. b3 Bb7 9. Bb2 Nbd7 10. O-O c5 11. Rc1 Ne4 12. Qc2 Ndf6 13. Rfd1 Rc8 14. Qe2 Bd6 15. Nb5 Bb8 16. dxc5 bxc5 17. Bxe4 Nxe4 18. Be5 Bxe5 19. Nxe5 Qe7 20. Nf3 a6 21. Nc3 Rfd8 22. Qc2 f5 23. Na4 Kh8 24. Nb6 Rc7 25. Nd2 Qe6 26. Na4 Rdc8 27. Nxe4 fxe4 28. Qb2 Kg8 29. Rc2 h6 30. Rdc1 Qd6 31. Qa3 d4 32. exd4 Qxd4 33. Nxc5 e3 34. fxe3 Qxe3+ 35. Kh1 Re7 36. Qb4 Bd5 37. Qc3 Qxc3 38. Rxc3 Rec7 39. b4 Bxa2 40. Ra3 Bd5 41. Rd1 Rd8 42. Kg1 Rc6 43. Rxa6 Rxa6 44. Nxa6 Kf7 45. Nc7 Kf6 46. Nxd5+ Ke5 47. Nc3 Rb8 48. b5 g5 49. Kf2 Rf8+ 50. Ke3 Rb8 51. Rd5+ Kf6 52. Rd6+ Kg7 53. b6 Re8+ 54. Ne4 Rb8 55. Nc5 Re8+ 56. Re6 Rb8 57. b7 Kf7 58. Rc6 h5 59. Rc8 Rxb7 60. Nxb7 Kf6 61. Rc6+ Kf5 62. Nd6+ Ke5 63. Nf7+ Kf5 64. Rc5+ Kg6 65. Rxg5+ Kxf7 66. Rxh5 Kg6 67. g4 Kg7 68. Kf4 Kg6 69. h4 Kg7 70. Kg5 Kf7 71. Rh6 Kg7 72. Ra6 Kf7 73. h5 Ke7 74. h6 Kf7 75. Ra7+ Ke6 76. h7 Kd5 77. h8=Q Kc4 78. Qd8 Kb3 79. Rc7 Ka3 80. Qb8 Ka2 81. Ra7# 1-0

[Event "Swindon U1600"]
[Site "Swindon"]
[Date "2025.08.24"]
[Round "5.2"]
[White "Matilal, Tamal"]
[Black "Harshavardhan, Engam"]
[Result "0-1"]
[WhiteElo "1541"]
[BlackElo "1532"]
[PlyCount "52"]
[EventDate "2025.08.22"]
[EventType "swiss"]
[EventRounds "6"]
[EventCountry "ENG"]
[SourceTitle "BritBase"]
[Source "John Saunders"]
[SourceDate "2025.12.11"]
[SourceVersion "1"]
[SourceVersionDate "2025.12.11"]
[SourceQuality "1"]

1. Nf3 e6 2. b3 d5 3. Bb2 Nf6 4. g3 c5 5. d4 Nc6 6. e3 Be7 7. Bg2 O-O 8. O-O b6 9. Nbd2 a5 10. c4 Ba6 11. Re1 Nb4 12. Ne5 Nd7 13. Ndf3 f6 14. a3 fxe5 15. axb4 e4 16. Nd2 axb4 17. dxc5 Nxc5 18. Qg4 Bf6 19. Bxf6 Qxf6 20. Rf1 b5 21. cxd5 exd5 22. f3 Bc8 23. Qh5 Rxa1 24. Qxd5+ Ne6 25. Nb1 exf3 26. Bxf3 Rxb1 0-1

[Event "Swindon U1600"]
[Site "Swindon"]
[Date "2025.08.24"]
[Round "5.4"]
[White "Ghanshala, Aarav"]
[Black "Wildsmith, Dexter"]
[Result "1/2-1/2"]
[WhiteElo "1394"]
[BlackElo "1458"]
[PlyCount "81"]
[EventDate "2025.08.22"]
[EventType "swiss"]
[EventRounds "6"]
[EventCountry "ENG"]
[SourceTitle "BritBase"]
[Source "John Saunders"]
[SourceDate "2025.12.11"]
[SourceVersion "1"]
[SourceVersionDate "2025.12.11"]
[SourceQuality "1"]

1. e4 e5 2. Nf3 Nf6 3. Nc3 Nc6 4. Bb5 Bd6 5. d3 a6 6. Bxc6 dxc6 7. h3 h6 8. Be3 Be6 9. a3 Qd7 10. Qd2 O-O-O 11. O-O-O Qe7 12. Nb1 Ba2 13. Qc3 Nd7 14. Nbd2 Be6 15. Nc4 Bxc4 16. dxc4 Nf6 17. Nd2 Bc5 18. Bxc5 Qxc5 19. f3 Qd4 20. Qxd4 Rxd4 21. c3 Rd7 22. Nb3 b6 23. c5 Rhd8 24. cxb6 cxb6 25. Nd2 Kc7 26. Nc4 Rxd1+ 27. Rxd1 Rxd1+ 28. Kxd1 Nd7 29. Kd2 f6 30. g4 b5 31. Ne3 g6 32. h4 Nc5 33. h5 gxh5 34. gxh5 Ne6 35. Nf5 Nf4 36. Nxh6 Nxh5 37. Ng4 Kd6 38. b4 c5 39. Ke3 c4 40. Nh6 Nf4 41. Nf5+ 1/2-1/2

[Event "Swindon U1600"]
[Site "Swindon"]
[Date "2025.08.25"]
[Round "6.1"]
[White "Tang, Carolus"]
[Black "Wang, Yile"]
[Result "1-0"]
[WhiteElo "1567"]
[BlackElo "1421"]
[PlyCount "101"]
[EventDate "2025.08.22"]
[EventType "swiss"]
[EventRounds "6"]
[EventCountry "ENG"]
[SourceTitle "BritBase"]
[Source "John Saunders"]
[SourceDate "2025.12.11"]
[SourceVersion "1"]
[SourceVersionDate "2025.12.11"]
[SourceQuality "1"]

1. d4 f5 2. c4 Nf6 3. Nc3 e6 4. Nf3 g6 5. Bf4 d6 6. e3 Bg7 7. Be2 O-O 8. O-O Qe8 9. h3 Nbd7 10. Nb5 Qd8 11. c5 a6 12. Nxc7 Qxc7 13. Bxd6 Qc6 14. Bxf8 Kxf8 15. b4 Nd5 16. Qb3 Nc7 17. Ng5 Nf6 18. a4 b5 19. axb5 axb5 20. Bf3 Ncd5 21. h4 Rxa1 22. Rxa1 h6 23. Nh3 Qc7 24. Ra5 Bd7 25. Be2 Qb8 26. Qa3 Ke7 27. Ra8 Qb7 28. Ra7 Qb8 29. Qa5 Nc3 30. Bf1 Qd8 31. Qa3 Nfd5 32. c6 Nf6 33. Qxc3 Qb8 34. Qc5+ Ke8 35. cxd7+ Nxd7 36. Qc7 Qxc7 37. Rxc7 Bf6 38. Bxb5 Kd8 39. Rxd7+ Kc8 40. Nf4 e5 41. dxe5 Bxe5 42. Nxg6 Bc3 43. Ne7+ Kb8 44. Nxf5 Bxb4 45. Nxh6 Be1 46. g4 Bxf2+ 47. Kxf2 Kc8 48. g5 Kb8 49. g6 Ka8 50. g7 Kb8 51. g8=Q# 1-0

[Event "Swindon U1600"]
[Site "Swindon"]
[Date "2025.08.25"]
[Round "6.2"]
[White "Farms, Edward"]
[Black "Harshavardhan, Engam"]
[Result "0-1"]
[WhiteElo "1519"]
[BlackElo "1532"]
[PlyCount "112"]
[EventDate "2025.08.22"]
[EventType "swiss"]
[EventRounds "6"]
[EventCountry "ENG"]
[SourceTitle "BritBase"]
[Source "John Saunders"]
[SourceDate "2025.12.11"]
[SourceVersion "1"]
[SourceVersionDate "2025.12.11"]
[SourceQuality "1"]

1. d4 d5 2. c4 e6 3. Nc3 Nf6 4. e3 a6 5. cxd5 exd5 6. Nf3 Bd6 7. h3 O-O 8. Bd3 b5 9. a3 c5 10. dxc5 Bxc5 11. O-O Re8 12. b4 Bf8 13. Bb2 Bb7 14. Rc1 Nbd7 15. Qb3 Nb6 16. Ne2 Nc4 17. Rfd1 Qb6 18. Bxf6 Qxf6 19. Ned4 g6 20. a4 bxa4 21. Qa2 Rec8 22. Bxc4 dxc4 23. Qxa4 Rab8 24. Rb1 Be4 25. Rb2 c3 26. Ra2 Rb6 27. Qd7 Rd8 28. Qc7 Bxb4 29. Rc1 Rb7 30. Qe5 Qxe5 31. Nxe5 a5 32. f3 Bd5 33. Raa1 Rc8 34. Rab1 f6 35. Nd3 Bc4 36. Nxb4 Rxb4 37. Ra1 Bd3 38. Rxa5 c2 39. Raa1 Rb1 40. Nxc2 Rxa1 41. Rxa1 Rxc2 42. Ra8+ Kg7 43. Ra7+ Kh6 44. Rd7 Rc1+ 45. Kf2 Bb5 46. Rb7 Rc5 47. e4 g5 48. Kg3 Kg6 49. f4 Rc3+ 50. Kf2 Rc2+ 51. Ke3 gxf4+ 52. Kxf4 Bf1 53. g4 Bxh3 54. Kf3 Rc3+ 55. Kf4 Bg2 56. Rb6 Rf3# 0-1

[Event "Swindon U1600"]
[Site "Swindon"]
[Date "2025.08.25"]
[Round "6.4"]
[White "Vijay, Kayal"]
[Black "Ghanshala, Aarav"]
[Result "1-0"]
[WhiteElo "1570"]
[BlackElo "1394"]
[PlyCount "91"]
[EventDate "2025.08.22"]
[EventType "swiss"]
[EventRounds "6"]
[EventCountry "ENG"]
[SourceTitle "BritBase"]
[Source "John Saunders"]
[SourceDate "2025.12.11"]
[SourceVersion "1"]
[SourceVersionDate "2025.12.11"]
[SourceQuality "1"]

1. d4 d5 2. Nf3 Nf6 3. e3 Bf5 4. c4 c6 5. Nc3 e6 6. Qb3 Qb6 7. c5 Qxb3 8. axb3 Nbd7 9. b4 Be7 10. b5 O-O 11. bxc6 bxc6 12. Be2 Ne4 13. Nxe4 Bxe4 14. O-O Rfe8 15. Nd2 Bg6 16. f4 f6 17. Bg4 f5 18. Bf3 Nf6 19. Ra6 Rec8 20. Be2 Bh5 21. Bd3 Rc7 22. Nf3 Nd7 23. Ne5 Nxe5 24. fxe5 Bg6 25. Bd2 Bg5 26. Rfa1 Be8 27. Kf2 Kf7 28. Ba5 Rb7 29. Bb6 Bd8 30. Rxa7 Raxa7 31. Rxa7 Rxa7 32. Bxa7 Kg6 33. Bb6 Be7 34. Kf3 Kh6 35. b4 Bh4 36. g3 Bg5 37. Ba6 Be7 38. Bc8 Bf7 39. Bd7 Bh5+ 40. Kg2 g5 41. Bxc6 Kg7 42. Bd7 Bf7 43. c6 Bxb4 44. c7 Kf8 45. c8=Q+ Ke7 46. Qd8# 1-0